[Event "Titled Tuesday intern op 02nd Apr Early"]
[Site "Chess.com INT"]
[Date "2024.04.02"]
[Round "1"]
[White "Agibileg, Uurtsaikh"]
[Black "Vela Frago, Alberto"]
[Result "1-0"]
[WhiteElo "2442"]
[BlackElo "2304"]
[PlyCount "63"]
[EventDate "2024.04.02"]
[EventType "swiss (blitz)"]
[EventRounds "11"]
[EventCountry "USA"]
[SourceTitle "CB15_2024"]
[SourceDate "2024.04.10"]
[SourceVersion "1"]
[SourceVersionDate "2024.04.10"]
[SourceQuality "1"]

1. d4 Nf6 2. c4 e6 3. Nc3 Bb4 4. e3 0-0 5. Bd3 Re8 6. Nge2 b6 7. 0-0 Bb7 8. e4 h6 9. a3 Bf8 10. h3 d5 11. cxd5 exd5 12. e5 Ne4 13. f3 Nxc3 14. bxc3 c5 15. f4 Nc6 16. f5 f6 17. e6 Bd6 18. Kh1 cxd4 19. cxd4 Rc8 20. Be3 Na5 21. Nf4 Nc4 22. Bc1 Bxf4 23. Bxf4 Nb2 24. Qd2 Nxd3 25. Qxd3 Rc4 26. Qg3 Kh8 27. Rad1 Ba6 28. Rfe1 Rc2 29. Qg6 Qe7 30. Rc1 Rec8 31. Rxc2 Rxc2 32. Qf7 1-0

[Event "Titled Tuesday intern op 09th Jan Early"]
[Site "Chess.com INT"]
[Date "2024.01.09"]
[Round "4"]
[White "Vela Frago, Alberto"]
[Black "Smirnov, Alexandr A"]
[Result "1-0"]
[WhiteElo "2310"]
[BlackElo "2136"]
[PlyCount "63"]
[EventDate "2024.01.09"]
[EventType "swiss (blitz)"]
[EventRounds "11"]
[EventCountry "USA"]
[SourceTitle "CB03_2024"]
[SourceDate "2024.01.17"]
[SourceVersion "1"]
[SourceVersionDate "2024.01.17"]
[SourceQuality "1"]

1. e4 d5 2. exd5 Qxd5 3. Nc3 Qd6 4. Nf3 Nf6 5. d4 a6 6. g3 Bg4 7. h3 Bh5 8. Bg2 Nc6 9. 0-0 0-0-0 10. Be3 e5 11. dxe5 Nxe5 12. Qxd6 Bxd6 13. Nxe5 Bxe5 14. f4 Bxc3 15. bxc3 Be2 16. Rfe1 Bc4 17. a4 Rhe8 18. Bd4 Rxe1+ 19. Rxe1 Re8 20. Rb1 c6 21. a5 Re2 22. Bf1 Nd5 23. Bxe2 Bxe2 24. Bxg7 Bb5 25. Kf2 f6 26. Re1 Kd7 27. Kf3 Ba4 28. c4 Nb4 29. Bxf6 Nxc2 30. Re7+ Kd6 31. Rxb7 Na3 32. Be7+ 1-0

[Event "Torino op 53rd"]
[Site "Torino"]
[Date "2024.01.05"]
[Round "5"]
[White "Bifulco, Michel"]
[Black "Vela Frago, Alberto"]
[Result "1-0"]
[WhiteElo "2251"]
[BlackElo "2310"]
[PlyCount "87"]
[EventDate "2024.01.02"]
[EventType "swiss"]
[EventRounds "9"]
[EventCountry "ITA"]
[SourceTitle "CB02_2024"]
[SourceDate "2024.01.10"]
[SourceVersion "1"]
[SourceVersionDate "2024.01.10"]
[SourceQuality "1"]

1. e4 e5 2. Nf3 Nf6 3. Nc3 Nc6 4. Bb5 Bd6 5. d3 a6 6. Ba4 b5 7. Bb3 Bc5 8. 0-0 0-0 9. Nxe5 Nxe5 10. d4 Bxd4 11. Qxd4 d6 12. Qd1 c5 13. Bd5 Nxd5 14. Nxd5 f5 15. f4 Nc6 16. a4 Bb7 17. axb5 axb5 18. Rxa8 Bxa8 19. exf5 Nd4 20. Ne3 Qe7 21. c3 Nxf5 22. Nxf5 Rxf5 23. Qe1 Be4 24. Rf2 Rf8 25. b4 d5 26. bxc5 Qxc5 27. Be3 Qc4 28. Rb2 h6 29. h3 Kh7 30. Qd2 Ra8 31. Kh2 Ra1 32. Bd4 Qf1 33. Qf2 Qh1+ 34. Kg3 Rd1 35. Rd2 Rb1 36. Qe2 Qe1+ 37. Qxe1 Rxe1 38. Ra2 g5 39. Ra7+ Kg6 40. Kf2 Rb1 41. g4 Rb2+ 42. Ke1 Rb1+ 43. Ke2 Rb2+ 44. Ke3 1-0

[Event "ESP-ch 88th"]
[Site "Marbella"]
[Date "2023.10.18"]
[Round "6"]
[White "Vela Frago, Alberto"]
[Black "Espinosa Aranda, Angel"]
[Result "1/2-1/2"]
[WhiteElo "2263"]
[BlackElo "2436"]
[PlyCount "84"]
[EventDate "2023.10.13"]
[EventType "swiss"]
[EventRounds "9"]
[EventCountry "ESP"]
[SourceTitle "Mega2024 Update 01"]
[Source "Chessbase"]
[SourceDate "2023.11.12"]
[SourceVersion "1"]
[SourceVersionDate "2023.11.12"]
[SourceQuality "1"]

1. Nf3 c5 2. c4 g6 3. d4 cxd4 4. Nxd4 Bg7 5. e4 b6 6. Nc3 Bb7 7. Be3 d6 8. Qd2 Nd7 9. Be2 Ngf6 10. f3 a6 11. 0-0 0-0 12. Bh6 Bxh6 13. Qxh6 Rc8 14. Rac1 e6 15. Rfd1 Qe7 16. Qe3 Rfd8 17. Bf1 Ne5 18. b3 Qc7 19. Nde2 Qc5 20. Qf2 Bc6 21. Nf4 Qxf2+ 22. Kxf2 Kf8 23. h4 Ke7 24. Be2 h6 25. Nd3 Nxd3+ 26. Bxd3 Nd7 27. Ke3 f5 28. Rg1 Rf8 29. g4 fxg4 30. Rxg4 Ne5 31. Rg3 Rf6 32. Ne2 Rcf8 33. f4 Nxd3 34. Kxd3 e5 35. fxe5 dxe5 36. Ke3 Rf4 37. Nc3 Rxh4 38. Rxg6 Rh3+ 39. Ke2 Rh2+ 40. Ke3 Rh3+ 41. Ke2 Rh2+ 42. Ke3 Rh3+ 1/2-1/2

[Event "ESP-ch 88th"]
[Site "Marbella"]
[Date "2023.10.15"]
[Round "3"]
[White "Rodriguez Canovas, Elena"]
[Black "Vela Frago, Alberto"]
[Result "0-1"]
[WhiteElo "1853"]
[BlackElo "2263"]
[PlyCount "56"]
[EventDate "2023.10.13"]
[EventType "swiss"]
[EventRounds "9"]
[EventCountry "ESP"]
[SourceTitle "Mega2024 Update 01"]
[Source "Chessbase"]
[SourceDate "2023.11.12"]
[SourceVersion "1"]
[SourceVersionDate "2023.11.12"]
[SourceQuality "1"]

1. d4 Nf6 2. c4 e6 3. Nf3 d5 4. g3 dxc4 5. Qa4+ Nbd7 6. Qxc4 a6 7. Bg2 b5 8. Qc2 Bb7 9. 0-0 c5 10. dxc5 Bxc5 11. Bg5 Rc8 12. Qd1 0-0 13. Nc3 Qb6 14. h3 h6 15. Bd2 e5 16. e3 e4 17. Ne1 Ne5 18. Qe2 Qc6 19. a3 Rfd8 20. Na2 Nf3+ 21. Bxf3 exf3 22. Nxf3 Qxf3 23. Qxf3 Bxf3 24. Bc3 Ne4 25. Ba5 Rd5 26. g4 h5 27. Rae1 hxg4 28. hxg4 Rc6 0-1

[Event "ESP-ch U18"]
[Site "Salobrena"]
[Date "2023.08.02"]
[Round "4"]
[White "Vela Frago, Alberto"]
[Black "Macias Pino, Diego"]
[Result "1/2-1/2"]
[WhiteElo "2259"]
[BlackElo "2433"]
[PlyCount "108"]
[EventDate "2023.07.31"]
[EventType "swiss"]
[EventRounds "9"]
[EventCountry "ESP"]
[SourceTitle "CBM 215 Extra"]
[Source "ChessBase"]
[SourceDate "2023.09.30"]
[SourceVersion "1"]
[SourceVersionDate "2023.09.30"]
[SourceQuality "1"]

1. d4 Nf6 2. c4 e6 3. Nf3 d5 4. g3 dxc4 5. Bg2 c6 6. 0-0 b5 7. Ne5 Bb7 8. a4 a6 9. axb5 axb5 10. Rxa8 Bxa8 11. b3 cxb3 12. Bb2 Nbd7 13. Nxd7 Qxd7 14. Nd2 Nd5 15. Nxb3 Be7 16. e4 Nf6 17. Qc2 0-0 18. Ra1 Bb7 19. Nc5 Bxc5 20. Qxc5 Ra8 21. Rxa8+ Bxa8 22. Ba3 Qc8 23. d5 Nd7 24. Qd6 cxd5 25. exd5 Nf8 26. Bh3 Qe8 27. Bf1 Bxd5 28. Bxb5 Qa8 29. Qxf8+ Qxf8 30. Bxf8 Kxf8 31. f4 Ke7 32. Kf2 Kd6 33. Ke3 Kc5 34. Bd3 h6 35. Be2 f6 36. Bd3 Bc4 37. Bg6 Bf1 38. Bf7 Bh3 39. Be8 Bg2 40. Bf7 Bh3 41. Be8 Kd5 42. Bf7 Bf5 43. Be8 e5 44. Ba4 exf4+ 45. Kxf4 Bh3 46. Ke3 Ke5 47. Bc2 f5 48. Bb3 g5 49. Bc2 h5 50. Bd1 Bg4 51. Ba4 Bh3 52. Bd1 h4 53. Kf2 f4 54. gxf4+ Kxf4 1/2-1/2

[Event "Aragon-chT Honor Titulo"]
[Site "Aragon"]
[Date "2023.04.01"]
[Round "10.4"]
[White "Vela Frago, Alberto"]
[Black "Moya Gimeno, Raul"]
[Result "1/2-1/2"]
[WhiteElo "2213"]
[BlackElo "1944"]
[PlyCount "98"]
[EventDate "2023.03.18"]
[EventType "team-tourn"]
[EventRounds "10"]
[EventCountry "ESP"]
[SourceTitle "EXT 2024"]
[Source "ChessBase"]
[SourceDate "2023.10.10"]
[SourceVersion "1"]
[SourceVersionDate "2023.10.10"]
[SourceQuality "1"]
[WhiteTeam "Casablanca MyInvestor"]
[BlackTeam "Marcos Frechin"]
[WhiteTeamCountry "ESP"]
[BlackTeamCountry "ESP"]

1. e4 c5 2. Nf3 Nc6 3. d4 cxd4 4. Nxd4 Nf6 5. Nc3 e5 6. Ndb5 d6 7. Nd5 Nxd5 8. exd5 Ne7 9. c3 f5 10. Qa4 Kf7 11. Qb4 Nxd5 12. Bc4 Be6 13. Qb3 Nf4 14. Bxf4 d5 15. 0-0-0 dxc4 16. Rxd8 cxb3 17. Rxa8 bxa2 18. Kc2 exf4 19. Re1 Bd5 20. f3 g6 21. b3 h5 22. h4 a6 23. Nc7 Bc6 24. Ne6 a1N+ 25. Kb1 Nxb3 26. Nd8+ Kg8 27. Nxc6 bxc6 28. Ree8 Kf7 29. Rec8 Nd2+ 30. Kc2 Nc4 31. Rc7+ Kg8 32. Rxc6 Ne3+ 33. Kd3 Rh7 34. Rxg6+ Rg7 35. Rxg7+ Kxg7 36. Ra7+ Kg8 37. Rxa6 Kf7 38. Ra7+ Be7 39. c4 Ke6 40. Ra2 Bxh4 41. Kd4 Be7 42. Ra6+ Kd7 43. Rg6 h4 44. c5 Bf8 45. c6+ Kc7 46. Ke5 Bd6+ 47. Rxd6 Nc4+ 48. Kxf5 Nxd6+ 49. Kxf4 Nc4 1/2-1/2

[Event "Aragon-chT Honor Gr I"]
[Site "Aragon"]
[Date "2023.01.28"]
[Round "1.4"]
[White "Dan, Teodor"]
[Black "Vela Frago, Alberto"]
[Result "1/2-1/2"]
[WhiteElo "2045"]
[BlackElo "2213"]
[PlyCount "117"]
[EventDate "2023.01.28"]
[EventType "team-tourn"]
[EventRounds "7"]
[EventCountry "ESP"]
[SourceTitle "EXT 2024"]
[Source "ChessBase"]
[SourceDate "2023.10.10"]
[SourceVersion "1"]
[SourceVersionDate "2023.10.10"]
[SourceQuality "1"]
[WhiteTeam "Palacio de Pioneros"]
[BlackTeam "Casablanca MyInvestor"]
[WhiteTeamCountry "ESP"]
[BlackTeamCountry "ESP"]

1. d4 Nf6 2. c4 e6 3. Nc3 Bb4 4. Qc2 0-0 5. a3 Bxc3+ 6. Qxc3 b6 7. Bg5 Bb7 8. Nf3 d6 9. Nd2 Nbd7 10. f3 c5 11. e4 h6 12. Be3 cxd4 13. Qxd4 Qc7 14. Be2 d5 15. exd5 exd5 16. 0-0 Rfe8 17. Rfe1 Rad8 18. Rad1 Ne5 19. c5 Nc6 20. Qd3 d4 21. cxb6 axb6 22. Bf2 Ne5 23. Qb3 Ng6 24. Bf1 Rxe1 25. Rxe1 Rd5 26. Qc4 Qd7 27. Nb3 Ne5 28. Qb4 d3 29. Nd2 b5 30. h3 Bc6 31. Qc3 Ng6 32. h4 Nf4 33. Nb3 Bb7 34. Nd4 Ne6 35. Nxe6 fxe6 36. Rd1 Nh5 37. Rxd3 Nf4 38. Rxd5 Qxd5 39. Bg3 e5 40. Qe3 g5 41. Bf2 Bc6 42. hxg5 hxg5 43. Bg3 Kf7 44. Qc3 Kf6 45. Bxf4 gxf4 46. Bd3 Bd7 47. Bc2 Bf5 48. Bb3 Qd6 49. Kf1 Bd3+ 50. Ke1 Bf5 51. Bd1 Qb6 52. Kf1 Be6 53. Be2 Bc4 54. Bxc4 bxc4 55. a4 Qa6 56. a5 Qb5 57. Ke2 Qa4 58. Kf2 Ke6 59. Ke2 1/2-1/2

[Event "Aragon-ch"]
[Site "Zaragoza"]
[Date "2022.08.29"]
[Round "3.4"]
[White "Vela Frago, Alberto"]
[Black "Moya Gimeno, Raul"]
[Result "0-1"]
[WhiteElo "2232"]
[BlackElo "1885"]
[PlyCount "66"]
[EventDate "2022.08.27"]
[EventType "swiss"]
[EventRounds "7"]
[EventCountry "ESP"]
[SourceTitle "EXT 2024"]
[Source "ChessBase"]
[SourceDate "2023.10.10"]
[SourceVersion "1"]
[SourceVersionDate "2023.10.10"]
[SourceQuality "1"]

1. d4 Nf6 2. Nf3 g6 3. c4 Bg7 4. Nc3 0-0 5. e4 d6 6. Be2 e5 7. d5 a5 8. Bg5 h6 9. Be3 Ng4 10. Bd2 f5 11. h3 Nf6 12. exf5 gxf5 13. g4 Ne4 14. Nxe4 fxe4 15. Nh2 Qh4 16. Be3 Na6 17. Nf1 Nc5 18. Ng3 Bd7 19. Qd2 a4 20. 0-0-0 b5 21. cxb5 Rab8 22. Bxc5 dxc5 23. Nxe4 Bxb5 24. d6 cxd6 25. Bxb5 Rxb5 26. Nxd6 Rbb8 27. Nf5 Qf6 28. Rhe1 a3 29. b3 e4 30. Qc2 Rbd8 31. Rxd8 Rxd8 32. Nxg7 Qa1+ 33. Qb1 Qc3+ 0-1

[Event "Aragon-ch"]
[Site "Zaragoza"]
[Date "2022.08.28"]
[Round "2.4"]
[White "Lorente Melcon, Nicolas"]
[Black "Vela Frago, Alberto"]
[Result "0-1"]
[WhiteElo "1685"]
[BlackElo "2232"]
[PlyCount "62"]
[EventDate "2022.08.27"]
[EventType "swiss"]
[EventRounds "7"]
[EventCountry "ESP"]
[SourceTitle "EXT 2024"]
[Source "ChessBase"]
[SourceDate "2023.10.10"]
[SourceVersion "1"]
[SourceVersionDate "2023.10.10"]
[SourceQuality "1"]

1. e4 c5 2. Nc3 g6 3. Bc4 Bg7 4. Qf3 e6 5. Nb5 d6 6. Qg3 Ke7 7. a4 a6 8. Nc3 Nc6 9. Nge2 Nb4 10. Bb3 c4 11. Na2 Qa5 12. Nxb4 Qxb4 13. Ba2 Qxa4 14. c3 Nf6 15. f3 Nd7 16. d4 cxd3 17. Nf4 Qc2 18. 0-0 d2 19. Bxd2 Qxd2 20. Rfd1 Qe3+ 21. Kh1 Be5 22. Qg5+ Ke8 23. Nxe6 Qxg5 24. Nxg5 Ke7 25. Nxf7 Rf8 26. Ng5 Nf6 27. Rd3 h6 28. Nh3 Bxh3 29. gxh3 Nh5 30. h4 Nf4 31. Rd2 Rf6 0-1

[Event "Aragon-chT Honor Gr II"]
[Site "Aragon"]
[Date "2022.01.29"]
[Round "1.7"]
[White "Vela Frago, Alberto"]
[Black "Garcia Morales, Roberto"]
[Result "1/2-1/2"]
[WhiteElo "2153"]
[BlackElo "1980"]
[PlyCount "48"]
[EventDate "2022.01.29"]
[EventType "team-tourn"]
[EventRounds "7"]
[EventCountry "ESP"]
[SourceTitle "EXT 2024"]
[Source "ChessBase"]
[SourceDate "2023.10.10"]
[SourceVersion "1"]
[SourceVersionDate "2023.10.10"]
[SourceQuality "1"]
[WhiteTeam "Casablanca MyInvestor"]
[BlackTeam "Agrupacion"]
[WhiteTeamCountry "ESP"]
[BlackTeamCountry "ESP"]

1. c4 b6 2. e4 Bb7 3. Nc3 c5 4. f4 g6 5. Nf3 Bg7 6. d3 d6 7. g3 Nd7 8. Bg2 Ngf6 9. 0-0 0-0 10. a3 a6 11. Kh1 Ne8 12. Bd2 Nc7 13. b4 b5 14. Qe2 bxc4 15. dxc4 cxb4 16. axb4 a5 17. Rxa5 Rxa5 18. bxa5 Nc5 19. Rb1 Bxc3 20. Bxc3 Bxe4 21. Rd1 N7e6 22. f5 Ng7 23. Nh4 Qa8 24. Kg1 Bxg2 1/2-1/2

[Event "Mont de Marsan op 18th"]
[Site "Mont de Marsan"]
[Date "2021.12.27"]
[Round "3"]
[White "Duboue, Peio"]
[Black "Vela Frago, Alberto"]
[Result "1-0"]
[WhiteElo "2403"]
[BlackElo "2173"]
[PlyCount "77"]
[EventDate "2021.12.26"]
[EventType "swiss"]
[EventRounds "9"]
[EventCountry "FRA"]
[SourceTitle "EXT 2023"]
[Source "ChessBase"]
[SourceDate "2022.10.05"]
[SourceVersion "1"]
[SourceVersionDate "2022.10.05"]
[SourceQuality "1"]

1. c4 e6 2. g3 d5 3. Bg2 Nf6 4. Nf3 dxc4 5. Qa4+ Nbd7 6. Qxc4 a6 7. Qc2 c5 8. 0-0 b5 9. a4 b4 10. Nd4 Nd5 11. Nb3 Bb7 12. d3 Be7 13. N1d2 0-0 14. Nc4 Rc8 15. e4 N5b6 16. Nba5 Ba8 17. b3 Bf6 18. Bb2 Bd4 19. Rfd1 Nxc4 20. Nxc4 Nb6 21. Bxd4 cxd4 22. Qd2 a5 23. Nxa5 Rc3 24. Nc4 Nd7 25. Rab1 Nc5 26. Qe2 Bc6 27. e5 Bxg2 28. Kxg2 Nxb3 29. Nd6 Qa8+ 30. Ne4 Rfc8 31. Kh3 Rc2 32. Qf3 Qxa4 33. Ng5 R8c7 34. Qe4 g6 35. Qh4 h5 36. Ne4 Nc5 37. Qd8+ Kg7 38. Nf6 Rc8 39. Qxc8 1-0

[Event "ESP-ch U16"]
[Site "Salobrena"]
[Date "2021.07.21"]
[Round "4"]
[White "Cesar Maestre, Bernardo"]
[Black "Vela Frago, Alberto"]
[Result "1/2-1/2"]
[WhiteElo "2383"]
[BlackElo "2061"]
[PlyCount "94"]
[EventDate "2021.07.19"]
[EventType "swiss"]
[EventRounds "9"]
[EventCountry "ESP"]
[SourceTitle "EXT 2022"]
[Source "ChessBase"]
[SourceDate "2021.10.06"]
[SourceVersion "1"]
[SourceVersionDate "2021.10.06"]
[SourceQuality "1"]

1. e4 e5 2. Nc3 Nf6 3. f4 d5 4. fxe5 Nxe4 5. Qf3 Nc6 6. Bb5 Nxc3 7. dxc3 Qh4+ 8. g3 Qe4+ 9. Qxe4 dxe4 10. Bxc6+ bxc6 11. Be3 Be7 12. Ne2 0-0 13. 0-0-0 Bg4 14. Rde1 f6 15. Nd4 fxe5 16. Nxc6 Bd6 17. Rhf1 a5 18. c4 Bd7 19. c5 Bxc6 20. cxd6 cxd6 21. Rxf8+ Kxf8 22. c4 d5 23. cxd5 Bxd5 24. b3 a4 25. Kb2 Kf7 26. bxa4 Rxa4 27. a3 Ke6 28. Bc5 Rc4 29. Rc1 Rxc1 30. Kxc1 Kf5 31. Kd2 Kg4 32. Bd6 Kh3 33. Bxe5 Kxh2 34. Ke3 g5 35. Kf2 Kh3 36. a4 Kg4 37. a5 Kf5 38. Bc7 Bc4 39. Ke3 Ba6 40. Bd6 Ke6 41. Bf8 Kf5 42. Bd6 Bb7 43. Bc7 h5 44. Bb8 Kg4 45. a6 Ba8 46. a7 Kh3 47. Kf2 h4 1/2-1/2

[Event "ESP-ch U16"]
[Site "Salobrena"]
[Date "2021.07.19"]
[Round "2"]
[White "Lobo Pereira, Arami"]
[Black "Vela Frago, Alberto"]
[Result "0-1"]
[WhiteElo "1815"]
[BlackElo "2061"]
[PlyCount "120"]
[EventDate "2021.07.19"]
[EventType "swiss"]
[EventRounds "9"]
[EventCountry "ESP"]
[SourceTitle "EXT 2022"]
[Source "ChessBase"]
[SourceDate "2021.10.06"]
[SourceVersion "1"]
[SourceVersionDate "2021.10.06"]
[SourceQuality "1"]

1. d4 Nf6 2. c4 e6 3. Nc3 Bb4 4. f3 0-0 5. a3 Bxc3+ 6. bxc3 c5 7. d5 b5 8. e4 d6 9. Ne2 bxc4 10. Nf4 e5 11. Ne2 Nfd7 12. Ng3 Nb6 13. Be2 f5 14. exf5 Bxf5 15. Nxf5 Rxf5 16. 0-0 N8d7 17. Qc2 Rf8 18. Qa2 e4 19. fxe4 Rxf1+ 20. Bxf1 Qh4 21. Bxc4 Qxe4 22. Bf1 Qxd5 23. Bf4 Qxa2 24. Rxa2 d5 25. Rd2 Nf6 26. Bb5 Ne4 27. Rd3 g5 28. Bc7 a6 29. Bc6 Rc8 30. Bxb6 Rxc6 31. Ba5 Rd6 32. g3 g4 33. Kg2 Kf7 34. h3 h5 35. hxg4 hxg4 36. Rd1 Ke6 37. Rf1 Kd7 38. Rf4 Rf6 39. Rxg4 Rf2+ 40. Kg1 Ra2 41. c4 Rxa3 42. cxd5 Rxg3+ 43. Rxg3 Nxg3 44. Kf2 Nf5 45. Kf3 Kd6 46. Ke4 Ne7 47. Be1 Nxd5 48. Kd3 Kc6 49. Kc4 Nb6+ 50. Kc3 Kb5 51. Bg3 a5 52. Be5 Nd5+ 53. Kb3 a4+ 54. Kc2 Kc4 55. Kb2 Kb4 56. Bd6 a3+ 57. Ka2 Nc3+ 58. Ka1 Ne4 59. Be5 Kb3 60. Bg7 Nf2 0-1